| 000 | 00360nam a2200133 4500 | ||
|---|---|---|---|
| 999 |
_c9578 _d9578 |
||
| 003 | OSt | ||
| 005 | 20210705110817.0 | ||
| 008 | 210705b ||||| |||| 00| 0 eng d | ||
| 020 | _a9781138825284 | ||
| 082 |
_a363.69 _bAYG |
||
| 100 | _aAygen, Zeynep | ||
| 245 | _a International heritage and historic building conservation : saving the world's past | ||
| 942 | _2ddc | ||